Speak english: 101 tips para in inglés top (Registro nro. 13907)
[ vista simple ]
| 000 -Cabecera | |
|---|---|
| Campo de control de longitud fija | 00801nam a22003137a 4500 |
| 005 - Fecha y hora de la última transacción | |
| Campo de control | 20260209153505.0 |
| 008 - Elementos de longitud fija--Información general | |
| Campo de control de longitud fija | 260209b |||||||| |||| 00| 0 spa d |
| 020 ## - International Standard Book Number | |
| Número Internacional Estándar del Libro (ISBN) | 9788441547452 |
| 041 ## - Idioma | |
| Código de idioma | Español e Inglés |
| 082 ## - Clasificación Decimal Dewey | |
| Número de clasificación | 421.54 F834s |
| 100 ## - Entrada principal--Autor personal | |
| Nombre personal | Franks, Caroline |
| 245 ## - Título propiamente dicho | |
| Título | Speak english: 101 tips para in inglés top |
| 260 ## - Pie de imprenta | |
| Lugar de publicación, distribución, etc. | España |
| 260 ## - Pie de imprenta | |
| Nombre del editor, distribuidor, etc. | Ediciones Oberon |
| 260 ## - Pie de imprenta | |
| Fecha de publicación, distribución, etc. | 2023 |
| 300 ## - Descripción física | |
| Extensión | 239 páginas |
| 490 ## - Serie | |
| Título de la Serie | Temática General |
| 650 ## - Materia general | |
| Temática (materia general) | ENSEÑANZA DEL INGLÉS |
| 650 ## - Materia general | |
| Temática (materia general) | VOCABULARIO |
| 650 ## - Materia general | |
| Temática (materia general) | GRAMÁTICA |
| 650 ## - Materia general | |
| Temática (materia general) | TIPS DE ESTUDIO |
| 650 ## - Materia general | |
| Temática (materia general) | ERRORES COMUNES EN INGLÉS |
| 650 ## - Materia general | |
| Temática (materia general) | ENGLISH TEACHING |
| 650 ## - Materia general | |
| Temática (materia general) | VOCABULARY |
| 650 ## - Materia general | |
| Temática (materia general) | GRAMMAR |
| 650 ## - Materia general | |
| Temática (materia general) | STUDY TIPS |
| 650 ## - Materia general | |
| Temática (materia general) | COMMON MISTAKES IN ENGLISH |
| 942 ## - Punto de acceso adicional KOHA | |
| Fuente del sistema de clasificación o colocación | Dewey Decimal Classification |
| Tipo de ítem KOHA | Libro |
| Signatura completa | Código de barras | Programa Académico | Tipo de ítem |
|---|---|---|---|
| 421.54 f834s | 26206 | Temática General | Libro |